000 00769nam a22001337a 4500
040 _cRUA
082 _a GRS NGE 2017 B641 Or.1
100 _aNGET MOLIKA ង៉ែត ម៉លីកា
245 _athe study of technical chicken production in keo bun farm in sambor commune, somroung torng district kompong speu province ការសិក្សារពីបច្ចេកទេសចិញ្ចេមមាន់យកសាច់នៅកសិដ្ឋាន កែវ ប៊ុន ឃុំសំបូរ ស្រុកសំរោងទង ខេត្តកំស្ពឺ
260 _aRUA
_bPhnom Penh
_c2017
300 _av;29p
_bill;
_c29cm
856 _uhttps://drive.google.com/file/d/1k_X91fTcVxXW1mB2Ujks41aqqJqK_ylg/view?usp=sharing
942 _cGRS
999 _c18075
_d18075